000 00406nam a2200145Ia 4500
008 100204s9999 xx 000 0 und d
082 _b13320
100 _aपठाण इतबारखां
245 _aतहान
260 _b"चेतश्री प्रकाशन , अमळनेर"
_c1990
300 _a51
630 _aतहान
730 _aतहान
942 _cBOOK
999 _c457752
_d457749